[Event "5th Karpov Trophy Prelim"]
[Site "Cap d'Agde FRA"]
[Date "2016.10.21"]
[Round "1.1"]
[White "Bacrot, Etienne"]
[Black "Harika, Dronavalli"]
[Result "1-0"]
[WhiteTitle "GM"]
[BlackTitle "GM"]
[WhiteElo "2692"]
[BlackElo "2528"]
[WhiteFideId "605506"]
[BlackFideId "5015197"]
[EventDate "2016.10.21"]

1. c4 g6 2. Nc3 Bg7 3. d4 Nf6 4. e4 O-O 5. Nf3 d6 6. h3 e5 7. d5 a5 8. g4 Nfd7
9. Bg5 Qe8 10. Be2 Nc5 11. Rg1 Nba6 12. h4 Bd7 13. h5 c6 14. Nd2 Nb4 15. Qb1
cxd5 16. cxd5 b5 17. a3 Nba6 18. b4 axb4 19. axb4 Nb7 20. h6 Bh8 21. f3 Nc7 22.
Kf2 Qb8 23. Rxa8 Qxa8 24. Qa1 Rc8 25. Qxa8 Rxa8 26. Bd3 Kf8 27. Rb1 Ra3 28. Nb3
Ke8 29. Ke2 Ra8 30. Kd2 f6 31. Be3 Ra6 32. Rc1 Kd8 33. Kc2 Kc8 34. Kb2 Kb8 35.
Nd2 Nd8 36. Ndb1 f5 37. g5 f4 38. Bf2 Nf7 39. Rg1 Kb7 40. Na3 Ra8 41. Naxb5 Nxb5
42. Bxb5 Bxb5 43. Nxb5 Rc8 44. Kb3 Ka6 45. Ra1+ 1-0

[Event "5th Karpov Trophy Prelim"]
[Site "Cap d'Agde FRA"]
[Date "2016.10.21"]
[Round "1.2"]
[White "Vega Gutierrez, Sabrina"]
[Black "Edouard, Romain"]
[Result "0-1"]
[WhiteTitle "IM"]
[BlackTitle "GM"]
[WhiteElo "2414"]
[BlackElo "2628"]
[WhiteFideId "2219026"]
[BlackFideId "633429"]
[EventDate "2016.10.21"]

1. e4 c5 2. Nf3 Nc6 3. d4 cxd4 4. Nxd4 e5 5. Nb5 d6 6. c4 Be7 7. N1c3 a6 8. Na3
Be6 9. Be2 Bg5 10. O-O Bxc1 11. Rxc1 Nf6 12. Nc2 O-O 13. Ne3 Rc8 14. h3 Nd4 15.
b3 b5 16. Bd3 Qa5 17. Ne2 Qxa2 18. Nxd4 exd4 19. Ra1 Qb2 20. Nd5 Bxd5 21. exd5
bxc4 22. Bxc4 Ne4 23. Rxa6 g6 24. Qb1 Qxb1 25. Rxb1 Ra8 26. Rd1 Rxa6 27. Bxa6
Rb8 28. Bc4 Nc5 29. Rxd4 Nxb3 30. Bxb3 Rxb3 31. Kf1 Rb2 32. Ra4 Rd2 33. Ra5 Kg7
34. Ke1 Rd4 35. Ke2 Kf6 36. Ke3 Ke5 37. Ra7 Re4+ 38. Kd3 Rf4 39. Ke3 g5 40. g3
Rf6 41. Ra5 Rh6 42. Ra7 f6 43. Re7+ Kxd5 44. Kf3 Rxh3 45. Kg4 Rh2 46. f4 h5+ 47.
Kf5 Rf2 48. Kxf6 gxf4 49. gxf4 Rxf4+ 50. Kg5 Re4 51. Ra7 Re5+ 52. Kf4 h4 53.
Ra5+ Ke6 54. Ra8 Rh5 55. Re8+ Kf7 56. Re2 h3 57. Rh2 Kf6 58. Kg4 Rh8 59. Kf4 d5
60. Kg4 Ke5 61. Kf3 0-1

[Event "5th Karpov Trophy Prelim"]
[Site "Cap d'Agde FRA"]
[Date "2016.10.21"]
[Round "2.1"]
[White "Karpov, Anatoly"]
[Black "Bacrot, Etienne"]
[Result "0-1"]
[WhiteTitle "GM"]
[BlackTitle "GM"]
[WhiteElo "2628"]
[BlackElo "2692"]
[WhiteFideId "4100026"]
[BlackFideId "605506"]
[EventDate "2016.10.21"]

1. d4 Nf6 2. c4 g6 3. g3 c5 4. d5 Bg7 5. Nc3 O-O 6. Bg2 d6 7. Nh3 a6 8. a4 e6 9.
Nf4 exd5 10. Nfxd5 Nxd5 11. Nxd5 Nc6 12. O-O Re8 13. Ra3 Bg4 14. Ne3 Be6 15. Rd3
Qc7 16. Nd5 Qd8 17. Bf4 Bf5 18. Re3 Ne5 19. Qb3 Rb8 20. Rd1 Qa5 21. Bxe5 Bxe5
22. Nb6 h5 23. h3 Qb4 24. Qxb4 cxb4 25. Rd2 Kg7 26. a5 Bf6 27. Rb3 Re5 28. e4
Be6 29. Nd5 Bxd5 30. Rxd5 Rxd5 31. exd5 Bd8 32. Rxb4 Bxa5 33. Rb3 Bd2 34. h4 a5
35. c5 dxc5 36. d6 Rd8 37. Rd3 Bc1 38. b3 Bb2 39. Bxb7 Bd4 40. Ba6 Rxd6 41. Bc4
Rf6 42. Rd2 Rf3 43. Kg2 Rc3 44. Bd5 f5 45. Re2 Rc1 46. Re7+ Kf8 47. Re2 Ra1 48.
Kf3 Bf6 49. Rc2 Ra3 50. Kg2 Bd4 51. Re2 a4 52. bxa4 Rxa4 53. Re8+ Kxe8 54. Bc6+
Ke7 55. Bxa4 c4 56. Bc2 Kd6 57. f3 Bf6 58. g4 Ke5 59. gxf5 gxf5 60. Kh3 Kf4 61.
Bb1 Be7 62. Bc2 Bb4 63. Kg2 Be1 64. Kh3 c3 65. Bb1 Ke5 66. Bc2 f4 67. Kg2 Bxh4
68. Kf1 Bg3 0-1

[Event "5th Karpov Trophy Prelim"]
[Site "Cap d'Agde FRA"]
[Date "2016.10.21"]
[Round "2.3"]
[White "Edouard, Romain"]
[Black "Cornette, Matthieu"]
[Result "1/2-1/2"]
[WhiteTitle "GM"]
[BlackTitle "GM"]
[WhiteElo "2628"]
[BlackElo "2599"]
[WhiteFideId "633429"]
[BlackFideId "620084"]
[EventDate "2016.10.21"]

1. g3 Nf6 2. Bg2 d5 3. Nf3 c5 4. O-O Nc6 5. d3 Bg4 6. c4 e6 7. Qa4 Qd7 8. cxd5
exd5 9. Bg5 Be7 10. Nc3 d4 11. Bxf6 Bxf6 12. Ne4 Be7 13. Rac1 b6 14. a3 Rc8 15.
b4 Bxf3 16. Bxf3 Ne5 17. Qxd7+ Kxd7 18. Bg2 f5 19. bxc5 Bxc5 20. Nxc5+ bxc5 21.
Rc2 Kd6 22. Rfc1 Rhe8 23. Kf1 Nd7 24. a4 Rb8 25. Bh3 g6 26. g4 Rf8 27. gxf5 gxf5
28. e4 dxe3 29. fxe3 Rb4 30. Rc4 Ke5 1/2-1/2

[Event "5th Karpov Trophy Prelim"]
[Site "Cap d'Agde FRA"]
[Date "2016.10.21"]
[Round "2.4"]
[White "Harika, Dronavalli"]
[Black "Vega Gutierrez, Sabrina"]
[Result "1-0"]
[WhiteTitle "GM"]
[BlackTitle "IM"]
[WhiteElo "2528"]
[BlackElo "2414"]
[WhiteFideId "5015197"]
[BlackFideId "2219026"]
[EventDate "2016.10.21"]

1. c4 e5 2. g3 d6 3. Bg2 f5 4. Nc3 Nf6 5. d3 g6 6. e4 c6 7. Nge2 Bg7 8. O-O O-O
9. exf5 Bxf5 10. d4 Na6 11. h3 Qe7 12. Be3 Rfd8 13. Qd2 Nc7 14. Rae1 h5 15. b3
Qf8 16. f3 b5 17. g4 Be6 18. g5 Nh7 19. f4 bxc4 20. fxe5 Qe8 21. exd6 Nd5 22.
Nxd5 Bxd5 23. Bxd5+ cxd5 24. Bf4 cxb3 25. axb3 Qe6 26. Qd3 Rxd6 27. Bxd6 Qxd6
28. h4 Nf8 29. Nf4 Rb8 30. Kg2 Qd7 31. Qf3 Bxd4 32. Qxd5+ Qxd5+ 33. Nxd5 Rxb3
34. Re8 Bc5 35. Rc8 Rb2+ 36. Kf3 Bd6 37. Ke4 Rb8 38. Rfxf8+ 1-0

[Event "5th Karpov Trophy Prelim"]
[Site "Cap d'Agde FRA"]
[Date "2016.10.22"]
[Round "3.2"]
[White "Vega Gutierrez, Sabrina"]
[Black "Karpov, Anatoly"]
[Result "1-0"]
[WhiteTitle "IM"]
[BlackTitle "GM"]
[WhiteElo "2414"]
[BlackElo "2628"]
[WhiteFideId "2219026"]
[BlackFideId "4100026"]
[EventDate "2016.10.21"]

1. e4 d5 2. exd5 Qxd5 3. Nf3 Bg4 4. Be2 e6 5. d4 Nf6 6. h3 Bh5 7. O-O Be7 8. c4
Qd8 9. Be3 Nbd7 10. Nc3 Bg6 11. Qb3 Qc8 12. a4 a5 13. Bf4 O-O 14. Nb5 Ne8 15. d5
c6 16. Nbd4 exd5 17. cxd5 cxd5 18. Rac1 Bc5 19. Bb5 b6 20. Nc6 Qb7 21. Nce5 Nxe5
22. Nxe5 Rd8 23. Bxe8 Qe7 24. Bb5 Qf6 25. Qg3 Qe6 26. Rfe1 Be4 27. Nd3 Bd4 28.
Be5 Bxe5 29. Qxe5 Qh6 30. Nf4 Kh8 31. f3 f6 32. Qc7 Bf5 33. Ne6 Bxe6 34. Rxe6 d4
35. Rce1 d3 36. Qxd8 1-0

[Event "5th Karpov Trophy Prelim"]
[Site "Cap d'Agde FRA"]
[Date "2016.10.22"]
[Round "3.3"]
[White "Cornette, Matthieu"]
[Black "Harika, Dronavalli"]
[Result "1/2-1/2"]
[WhiteTitle "GM"]
[BlackTitle "GM"]
[WhiteElo "2599"]
[BlackElo "2528"]
[WhiteFideId "620084"]
[BlackFideId "5015197"]
[EventDate "2016.10.21"]

1. e4 c5 2. Nf3 e6 3. d4 cxd4 4. Nxd4 Nc6 5. Nc3 Qc7 6. Be3 a6 7. Qf3 Nf6 8.
O-O-O Nxd4 9. Bxd4 e5 10. Be3 d6 11. h3 b5 12. a3 Be7 13. g4 Be6 14. g5 Nd7 15.
h4 Rc8 16. Bh3 a5 17. Qe2 Bc4 18. Qg4 Be6 19. Qe2 Bc4 20. Qg4 b4 21. Qxd7+ Qxd7
22. Bxd7+ Kxd7 23. axb4 axb4 24. Nd5 Bxd5 25. Rxd5 Rc4 26. f3 Rhc8 27. Rh2 b3
28. Rdd2 Ke6 29. Kd1 bxc2+ 30. Rxc2 d5 31. Rxc4 Rxc4 32. Rc2 Rxc2 33. Kxc2 f5
34. gxf6 gxf6 35. h5 f5 36. exd5+ 1/2-1/2

[Event "5th Karpov Trophy Prelim"]
[Site "Cap d'Agde FRA"]
[Date "2016.10.22"]
[Round "4.1"]
[White "Bacrot, Etienne"]
[Black "Vega Gutierrez, Sabrina"]
[Result "1-0"]
[WhiteTitle "GM"]
[BlackTitle "IM"]
[WhiteElo "2692"]
[BlackElo "2414"]
[WhiteFideId "605506"]
[BlackFideId "2219026"]
[EventDate "2016.10.21"]

1. Nf3 d5 2. g3 c6 3. Bg2 Nf6 4. O-O Bg4 5. d3 Nbd7 6. h3 Bh5 7. Qe1 e6 8. e4
Bxf3 9. Bxf3 Bd6 10. Nc3 O-O 11. d4 dxe4 12. Nxe4 Nxe4 13. Qxe4 e5 14. dxe5 Nxe5
15. Bg2 Re8 16. Rd1 Qf6 17. Be3 h5 18. Qf4 Qe6 19. Qg5 g6 20. Bd4 Bf8 21. Re1
Bg7 22. Re4 Qd6 23. Qe3 f5 24. Qb3+ Qe6 25. Qxe6+ Rxe6 26. Re3 Rae8 27. Rae1 a6
28. Kh1 Kf7 29. f4 Nf3 30. Rxe6 Rxe6 31. Rxe6 Nxd4 32. Rd6 b5 33. h4 Nxc2 34.
Rxc6 Nb4 35. Rc7+ Kf8 36. a3 Nd3 37. b3 Bd4 38. Bd5 Nc5 39. Rc6 a5 40. Rxg6 a4
41. bxa4 bxa4 42. Rc6 1-0

[Event "5th Karpov Trophy Prelim"]
[Site "Cap d'Agde FRA"]
[Date "2016.10.23"]
[Round "5.1"]
[White "Vega Gutierrez, Sabrina"]
[Black "Sebag, Marie"]
[Result "0-1"]
[WhiteTitle "IM"]
[BlackTitle "GM"]
[WhiteElo "2414"]
[BlackElo "2488"]
[WhiteFideId "2219026"]
[BlackFideId "617822"]
[EventDate "2016.10.21"]

1. e4 c5 2. Nf3 d6 3. d4 cxd4 4. Nxd4 Nf6 5. Nc3 a6 6. Be3 e5 7. Nb3 Be6 8. h3
Be7 9. f4 exf4 10. Bxf4 Nc6 11. Qe2 Nd7 12. O-O-O Nce5 13. g4 O-O 14. Qe3 Rc8
15. Kb1 Qc7 16. Nd4 Nb6 17. g5 Nbc4 18. Bxc4 Nxc4 19. Qg3 Rfe8 20. h4 Bf8 21. h5
Na3+ 22. Ka1 b5 23. Rh2 Qc5 24. Nb3 Bxb3 25. axb3 b4 26. Na4 Nxc2+ 27. Kb1 Qb5
28. Rxc2 Rxc2 29. Kxc2 Qe2+ 30. Rd2 Rc8+ 31. Nc3 Qxe4+ 32. Rd3 bxc3 33. bxc3
Qe2+ 34. Rd2 Qxh5 35. Bxd6 Qg6+ 36. Kb2 Rd8 37. Bf4 Rxd2+ 38. Bxd2 h6 39. Qe5
hxg5 40. Qe8 Qd6 41. Bxg5 f6 42. Be3 Qa3+ 43. Kc2 Qa2+ 44. Kd3 Qxb3 45. Qc8 Qd5+
46. Kc2 a5 47. c4 Qe5 48. Bd2 Kf7 49. Bc3 Qe2+ 50. Kb3 Qd1+ 51. Kb2 a4 52. Qb7+
Be7 53. c5 Qe2+ 54. Ka3 Qc4 55. Qb4 Bxc5 0-1

[Event "5th Karpov Trophy Prelim"]
[Site "Cap d'Agde FRA"]
[Date "2016.10.23"]
[Round "5.2"]
[White "Cornette, Matthieu"]
[Black "Bacrot, Etienne"]
[Result "1/2-1/2"]
[WhiteTitle "GM"]
[BlackTitle "GM"]
[WhiteElo "2599"]
[BlackElo "2692"]
[WhiteFideId "620084"]
[BlackFideId "605506"]
[EventDate "2016.10.21"]

1. e4 e5 2. Nf3 Nc6 3. Nc3 Nf6 4. d4 exd4 5. Nxd4 Bb4 6. Nxc6 bxc6 7. Bd3 d5 8.
exd5 cxd5 9. O-O O-O 10. h3 Rb8 11. Qf3 Be6 12. Bg5 h6 13. Bxf6 Qxf6 14. Qxf6
gxf6 15. Ne2 Rfe8 16. Ng3 Bd6 17. b3 c5 18. Rad1 Be5 19. Nf5 Bxf5 20. Bxf5 Rbd8
21. Rfe1 Bd4 22. Rxe8+ Rxe8 23. Bg4 Kf8 24. Kf1 Bc3 25. Be2 d4 26. Rd3 Re5 27.
Rf3 Ke7 28. g4 Bb4 29. Rf5 Rxf5 30. gxf5 1/2-1/2

[Event "5th Karpov Trophy Prelim"]
[Site "Cap d'Agde FRA"]
[Date "2016.10.23"]
[Round "5.4"]
[White "Edouard, Romain"]
[Black "Harika, Dronavalli"]
[Result "1/2-1/2"]
[WhiteTitle "GM"]
[BlackTitle "GM"]
[WhiteElo "2628"]
[BlackElo "2528"]
[WhiteFideId "633429"]
[BlackFideId "5015197"]
[EventDate "2016.10.21"]

1. d4 Nf6 2. Bg5 d5 3. e3 c6 4. Bxf6 exf6 5. Bd3 f5 6. Ne2 g6 7. h4 h5 8. c4
dxc4 9. Bxc4 Bd6 10. Nbc3 O-O 11. g3 Nd7 12. Nf4 Bxf4 13. gxf4 Nf6 14. Qf3 Qe7
15. O-O-O Be6 16. Bxe6 Qxe6 17. Kb1 Rfd8 18. Rc1 Rac8 19. Rhd1 Qe8 1/2-1/2

[Event "5th Karpov Trophy Prelim"]
[Site "Cap d'Agde FRA"]
[Date "2016.10.23"]
[Round "6.2"]
[White "Vega Gutierrez, Sabrina"]
[Black "Cornette, Matthieu"]
[Result "0-1"]
[WhiteTitle "IM"]
[BlackTitle "GM"]
[WhiteElo "2414"]
[BlackElo "2599"]
[WhiteFideId "2219026"]
[BlackFideId "620084"]
[EventDate "2016.10.21"]

1. e4 d6 2. d4 Nf6 3. Nc3 e5 4. Nf3 Nbd7 5. Bc4 Be7 6. O-O O-O 7. Re1 a6 8. a4
b6 9. h3 Bb7 10. d5 Kh8 11. Be3 Ng8 12. Nd2 g6 13. Na2 Bg5 14. Nb4 f5 15. Bxg5
Qxg5 16. Nf3 Qf6 17. exf5 gxf5 18. Qd2 h6 19. a5 b5 20. Bf1 Ne7 21. c4 bxc4 22.
Rac1 e4 23. Rxc4 Nc5 24. Nh2 Kh7 25. Rd1 Ng6 26. Qc3 Ne5 27. Rxc5 dxc5 28. Qxc5
Rf7 29. Qe3 Qd6 30. Qc3 Rg8 31. Kh1 Re8 32. Be2 Rg7 33. Nf1 f4 34. Bh5 Ree7 35.
Nh2 Bc8 36. Qd4 Bf5 37. Rc1 Rg5 38. Bg4 Bxg4 39. Nxg4 Nxg4 40. hxg4 e3 41. Rc6
e2 42. Qd3+ Qg6 0-1

[Event "5th Karpov Trophy Prelim"]
[Site "Cap d'Agde FRA"]
[Date "2016.10.23"]
[Round "6.3"]
[White "Karpov, Anatoly"]
[Black "Edouard, Romain"]
[Result "1/2-1/2"]
[WhiteTitle "GM"]
[BlackTitle "GM"]
[WhiteElo "2628"]
[BlackElo "2628"]
[WhiteFideId "4100026"]
[BlackFideId "633429"]
[EventDate "2016.10.21"]

1. d4 Nf6 2. c4 e6 3. Nc3 Bb4 4. Qc2 d5 5. cxd5 exd5 6. Bg5 h6 7. Bxf6 Qxf6 8.
a3 Bxc3+ 9. Qxc3 O-O 10. e3 Bf5 11. Nf3 Nd7 12. Rc1 Rfc8 13. b4 a5 14. Bd3 axb4
15. axb4 Bxd3 16. Qxd3 Qa6 17. Qxa6 Rxa6 18. O-O Kf8 19. Rc2 Ra4 20. Rb1 Ke7 21.
g4 Kd6 22. b5 Rca8 23. Rbc1 Rc8 24. Rb1 Rca8 1/2-1/2

[Event "5th Karpov Trophy Prelim"]
[Site "Cap d'Agde FRA"]
[Date "2016.10.24"]
[Round "7.3"]
[White "Edouard, Romain"]
[Black "Bacrot, Etienne"]
[Result "1/2-1/2"]
[WhiteTitle "GM"]
[BlackTitle "GM"]
[WhiteElo "2628"]
[BlackElo "2692"]
[WhiteFideId "633429"]
[BlackFideId "605506"]
[EventDate "2016.10.21"]

1. d4 Nf6 2. c4 g6 3. g3 Bg7 4. Bg2 O-O 5. Nc3 d6 6. Nf3 Nc6 7. O-O e5 8. dxe5
dxe5 9. Bg5 Be6 10. Qa4 h6 11. Rad1 Qe7 12. Nd5 Bxd5 13. Bxf6 Bxf6 14. cxd5 Nd4
15. e4 Nxf3+ 16. Bxf3 Rfd8 17. Rc1 Qd7 18. Qxd7 Rxd7 19. Rc2 h5 20. Rfc1 Bd8 21.
h4 a5 22. a4 Rd6 23. Be2 Kg7 24. Bb5 Rb8 25. Kg2 Rf6 26. b3 Rd6 27. Rc3 Rf6 28.
Rf3 Rxf3 29. Kxf3 Kf6 30. Ke2 Ke7 31. Rc3 Kd6 32. Be8 Ke7 33. Bb5 Kd6 34. Be8
Ke7 35. Bb5 1/2-1/2

[Event "5th Karpov Trophy Prelim"]
[Site "Cap d'Agde FRA"]
[Date "2016.10.24"]
[Round "7.4"]
[White "Harika, Dronavalli"]
[Black "Karpov, Anatoly"]
[Result "1/2-1/2"]
[WhiteTitle "GM"]
[BlackTitle "GM"]
[WhiteElo "2528"]
[BlackElo "2628"]
[WhiteFideId "5015197"]
[BlackFideId "4100026"]
[EventDate "2016.10.21"]

1. d4 Nf6 2. c4 e6 3. g3 d5 4. Nf3 dxc4 5. Bg2 Bb4+ 6. Bd2 c5 7. O-O Nc6 8. Qc1
Bxd2 9. Nbxd2 cxd4 10. Nxc4 O-O 11. Rd1 Qe7 12. Nxd4 Bd7 13. Nxc6 Bxc6 14. Bxc6
bxc6 15. Na5 Rfc8 16. Qc4 c5 17. Rac1 Nd5 18. e4 Nb6 19. Qb5 Qc7 20. Rd2 h6 21.
Rdc2 Nd7 22. Nb3 Rab8 23. Qe2 Qb6 24. Qd2 Rc7 25. Qe3 Rbc8 26. Nd2 Ne5 27. b3 a5
28. Nc4 Nxc4 29. Rxc4 Qd6 30. Kg2 Qb6 31. h4 Qd6 32. R1c2 Qb6 33. Qc3 Qb5 34.
Qd2 Rd7 35. Qe3 Rd1 36. Rc1 Rxc1 37. Qxc1 Rc7 38. Qc3 Qb6 39. Qe5 Rc8 40. Qc3
Rc7 41. Qd2 Rc8 42. Qe3 Rc7 43. Rc1 Qc6 44. Rc4 Qb6 45. a3 Rb7 46. Rxc5 Qxb3 47.
Qxb3 Rxb3 48. Rxa5 g6 49. h5 g5 50. Ra4 Kg7 51. Ra5 1/2-1/2

[Event "5th Karpov Trophy Prelim"]
[Site "Cap d'Agde FRA"]
[Date "2016.10.24"]
[Round "8.3"]
[White "Edouard, Romain"]
[Black "Vega Gutierrez, Sabrina"]
[Result "1-0"]
[WhiteTitle "GM"]
[BlackTitle "IM"]
[WhiteElo "2628"]
[BlackElo "2414"]
[WhiteFideId "633429"]
[BlackFideId "2219026"]
[EventDate "2016.10.21"]

1. e4 c5 2. Nf3 Nc6 3. Nc3 Nf6 4. Bb5 g6 5. h3 Bg7 6. e5 Ng8 7. O-O Nxe5 8. Nxe5
Bxe5 9. Re1 Bg7 10. d4 a6 11. Bc4 Bxd4 12. Nd5 d6 13. Rxe7+ Nxe7 14. Qxd4 Kd7
15. Qd3 Nxd5 16. Qxd5 Qf6 17. Bg5 Qf5 18. Qd2 Kc6 19. Rd1 Qe5 20. c3 Bf5 21. f4 1-0

[Event "5th Karpov Trophy Prelim"]
[Site "Cap d'Agde FRA"]
[Date "2016.10.24"]
[Round "8.4"]
[White "Harika, Dronavalli"]
[Black "Bacrot, Etienne"]
[Result "0-1"]
[WhiteTitle "GM"]
[BlackTitle "GM"]
[WhiteElo "2528"]
[BlackElo "2692"]
[WhiteFideId "5015197"]
[BlackFideId "605506"]
[EventDate "2016.10.21"]

1. Nf3 d5 2. d4 Nf6 3. c4 c6 4. Nc3 e6 5. e3 a6 6. c5 Nbd7 7. Qc2 g6 8. b4 Bg7
9. Bb2 a5 10. b5 O-O 11. h3 Re8 12. Na4 e5 13. Be2 exd4 14. Nxd4 Qc7 15. O-O Ne4
16. Bd3 Ne5 17. Nb6 Rb8 18. Bxe4 dxe4 19. Qxe4 cxb5 20. Qd5 Rd8 21. Nxb5 Qxb6
22. Qxe5 Bxe5 23. Bxe5 Qxb5 24. Bxb8 Bxh3 25. Bc7 Qc6 0-1

[Event "5th Karpov Trophy Prelim"]
[Site "Cap d'Agde FRA"]
[Date "2016.10.25"]
[Round "9.1"]
[White "Bacrot, Etienne"]
[Black "Karpov, Anatoly"]
[Result "0-1"]
[WhiteTitle "GM"]
[BlackTitle "GM"]
[WhiteElo "2692"]
[BlackElo "2628"]
[WhiteFideId "605506"]
[BlackFideId "4100026"]
[EventDate "2016.10.21"]

1. e4 e5 2. Nf3 Nc6 3. Bc4 Bc5 4. c3 Nf6 5. d3 O-O 6. O-O d6 7. a4 a6 8. Bg5 h6
9. Bh4 Qe7 10. Nbd2 Ba7 11. Kh1 Be6 12. Bd5 Nd8 13. d4 c6 14. Bc4 exd4 15. cxd4
Bxc4 16. Nxc4 g5 17. Nxg5 hxg5 18. Bxg5 Qe6 19. d5 cxd5 20. exd5 Qf5 21. Bxf6
Qxf6 22. Ra3 Re8 23. Qh5 Re4 24. Rg3+ Kf8 25. Qh7 Qh4 26. Rg8+ Ke7 27. Qf5 Qf4
28. Qxe4+ Qxe4 29. Re8+ Kxe8 30. Nxd6+ Kd7 31. Nxe4 f5 32. Ng3 f4 33. Nf5 Nf7
34. g4 f3 35. h3 Rh8 36. Kh2 Bb8+ 37. Kg1 Rxh3 38. Re1 Bh2+ 39. Kf1 Bd6 0-1

[Event "5th Karpov Trophy Prelim"]
[Site "Cap d'Agde FRA"]
[Date "2016.10.25"]
[Round "9.2"]
[White "Vega Gutierrez, Sabrina"]
[Black "Harika, Dronavalli"]
[Result "0-1"]
[WhiteTitle "IM"]
[BlackTitle "GM"]
[WhiteElo "2414"]
[BlackElo "2528"]
[WhiteFideId "2219026"]
[BlackFideId "5015197"]
[EventDate "2016.10.21"]

1. e4 e6 2. d4 d5 3. Nd2 Nf6 4. e5 Nfd7 5. Bd3 c5 6. c3 Nc6 7. Ngf3 g6 8. h4 h6
9. Bc2 Bg7 10. Nf1 a5 11. Ng3 a4 12. a3 cxd4 13. cxd4 Nb6 14. O-O Bd7 15. Bd2
Nc4 16. Bc3 b5 17. h5 g5 18. Nh2 f5 19. exf6 Qxf6 20. Re1 Kd8 21. Ng4 Qf4 22.
Ne3 Rf8 23. Nh1 Bxd4 24. Bxd4 Qxd4 25. Qe2 Qd2 26. Qxd2 Nxd2 27. Ng4 Rh8 28. f3
Nc4 29. Rab1 Kc7 30. Nhf2 e5 31. Bg6 Kd6 32. Red1 Nd4 33. Rd3 Rab8 34. Kh2 b4
35. Ne3 Nxe3 36. Rxe3 bxa3 37. Rxa3 Rb3 38. Ra2 Rhb8 39. Nd1 R8b4 40. Rc1 g4 41.
fxg4 Bxg4 42. Nf2 Bf5 43. Bxf5 Nxf5 44. Rc2 Ne3 45. Re2 Ng4+ 46. Nxg4 Rxg4 47.
Rf2 Kc5 48. Rc2+ Kb5 49. Ra1 Rh4+ 50. Kg1 Rc4 51. Rd2 d4 52. Re1 Rc5 53. Rf1 d3
54. Kf2 Rc2 55. Ke3 Rbxb2 56. Rxd3 Re2+ 57. Kf3 e4+ 0-1

[Event "5th Karpov Trophy Prelim"]
[Site "Cap d'Agde FRA"]
[Date "2016.10.25"]
[Round "9.3"]
[White "Cornette, Matthieu"]
[Black "Edouard, Romain"]
[Result "1/2-1/2"]
[WhiteTitle "GM"]
[BlackTitle "GM"]
[WhiteElo "2599"]
[BlackElo "2628"]
[WhiteFideId "620084"]
[BlackFideId "633429"]
[EventDate "2016.10.21"]

1. e4 e6 2. d4 d5 3. Nd2 c5 4. exd5 Qxd5 5. Ngf3 cxd4 6. Bc4 Qd6 7. O-O Nf6 8.
Nb3 Nc6 9. Nbxd4 Nxd4 10. Nxd4 a6 11. Re1 Qc7 12. Bb3 Bd6 13. h3 Bh2+ 14. Kh1
Bf4 15. Qf3 Bxc1 16. Raxc1 O-O 17. Rcd1 Bd7 18. c3 Rfd8 19. Bc2 Bc6 20. Nxc6
Qxc6 21. Qxc6 bxc6 22. Rxd8+ Rxd8 23. Rd1 Rb8 24. Rd6 Kf8 25. b4 c5 26. bxc5 Rc8
27. Rxa6 Rxc5 28. Ra8+ Ke7 29. Ra7+ Kf8 30. Ra8+ 1/2-1/2

[Event "5th Karpov Trophy Prelim"]
[Site "Cap d'Agde FRA"]
[Date "2016.10.25"]
[Round "10.4"]
[White "Harika, Dronavalli"]
[Black "Cornette, Matthieu"]
[Result "1/2-1/2"]
[WhiteTitle "GM"]
[BlackTitle "GM"]
[WhiteElo "2528"]
[BlackElo "2599"]
[WhiteFideId "5015197"]
[BlackFideId "620084"]
[EventDate "2016.10.21"]

1. Nf3 d5 2. c4 e6 3. g3 dxc4 4. Bg2 a6 5. Qc2 Nf6 6. Ne5 c5 7. Na3 Be7 8. Naxc4
Nd5 9. O-O O-O 10. a4 f6 11. Nf3 Nc6 12. a5 e5 13. d3 Be6 14. Bd2 Rc8 15. Rfc1
Qe8 16. Qb3 Qf7 17. Qd1 Rfd8 18. Ne1 Nd4 19. Nf3 Nc6 20. Ne1 Nd4 21. Nf3 1/2-1/2

[Event "5th Karpov Trophy Prelim"]
[Site "Cap d'Agde FRA"]
[Date "2016.10.26"]
[Round "11.1"]
[White "Vega Gutierrez, Sabrina"]
[Black "Bacrot, Etienne"]
[Result "0-1"]
[WhiteTitle "IM"]
[BlackTitle "GM"]
[WhiteElo "2414"]
[BlackElo "2692"]
[WhiteFideId "2219026"]
[BlackFideId "605506"]
[EventDate "2016.10.21"]

1. e4 c5 2. Nf3 d6 3. d4 cxd4 4. Qxd4 a6 5. Be2 Nf6 6. h3 Qc7 7. O-O e6 8. c4
Be7 9. Nc3 Nbd7 10. Be3 b6 11. b4 O-O 12. a4 Rb8 13. Rfc1 Re8 14. Nd2 Ne5 15.
Rab1 h6 16. f3 g5 17. Nb3 Nh5 18. Bf2 Nf4 19. c5 bxc5 20. bxc5 dxc5 21. Nxc5
Rxb1 22. Rxb1 Rd8 23. Qe3 Nxe2+ 24. Nxe2 Nc4 25. Nxa6 Bxa6 26. Qc3 Bf8 27. Bd4
Qa5 28. Bf6 Qxc3 29. Nxc3 Rc8 30. h4 Bg7 31. hxg5 hxg5 0-1

[Event "5th Karpov Trophy Prelim"]
[Site "Cap d'Agde FRA"]
[Date "2016.10.26"]
[Round "11.2"]
[White "Cornette, Matthieu"]
[Black "Karpov, Anatoly"]
[Result "0-1"]
[WhiteTitle "GM"]
[BlackTitle "GM"]
[WhiteElo "2599"]
[BlackElo "2628"]
[WhiteFideId "620084"]
[BlackFideId "4100026"]
[EventDate "2016.10.21"]

1. e4 e5 2. Nf3 Nc6 3. Bc4 Bc5 4. O-O Nf6 5. d3 d6 6. a4 a6 7. c3 Ba7 8. Na3 h6
9. Nc2 O-O 10. Be3 Re8 11. Bxa7 Rxa7 12. Re1 Ra8 13. Ne3 Be6 14. Bxe6 Rxe6 15.
a5 Rb8 16. Qb3 Ne7 17. Nh4 d5 18. Qa4 Qe8 19. Qc2 Rd8 20. Nhf5 Nxf5 21. Nxf5 g6
22. Ne3 Kg7 23. c4 dxe4 24. dxe4 Qc6 25. f3 Red6 26. Qc3 Qc5 27. b4 Qd4 28. Qxd4
Rxd4 29. Rad1 c5 30. Rb1 Nd7 31. b5 Ra8 32. Rec1 b6 33. Nd5 axb5 34. axb6 b4 35.
Ra1 Rxc4 36. Rd1 Rd4 37. Rdc1 Rb8 38. Ra5 Rxd5 39. exd5 Rxb6 40. Ra7 Rd6 41. Rd1
Kf6 42. Kf2 Ke7 43. Rc7 f5 44. Ke3 h5 45. g3 g5 46. h3 b3 47. Rb7 c4 48. Rc1 Rb6
49. Rc7 b2 50. Rb1 Rb3+ 51. Ke2 Kd6 52. Rxc4 Nb6 53. Rc2 Na4 54. Rc4 Nc3+ 55.
Rxc3 Rxc3 56. Rxb2 Kxd5 57. Rb8 Rc2+ 58. Kd3 Rg2 59. Rb5+ Kd6 60. Rb6+ Kc5 61.
Rf6 Rxg3 62. Rxf5 Kd5 63. Ke2 Ke6 64. Rf8 Rxh3 65. Rg8 Rg3 66. Kf2 h4 67. Re8+
Kf6 68. Rf8+ Kg7 69. Re8 Kf6 70. Rf8+ Ke7 71. Rf5 Ke6 72. Rf8 g4 73. fxg4 Rxg4
74. Rh8 Ra4 75. Rh6+ Kd5 76. Rh5 Rf4+ 77. Ke3 Re4+ 78. Kf3 Kd4 79. Rh8 Rf4+ 80.
Ke2 Ke4 81. Rh5 Rg4 82. Kf2 Kd4 83. Kf3 Re4 84. Rh8 Re3+ 85. Kf2 h3 86. Rh4+ Kd3
87. Ra4 Re2+ 88. Kg1 Re4 89. Ra3+ Ke2 90. Kh2 Re3 91. Ra2+ Kf1 0-1